The Fault in Our Stars Quotes - Statistics

General Stats
  • This quiz has been taken 546 times
  • The average score is 5 of 10
Answer Stats
Hint Answer % Correct
Okay? ____. Okay
97%
I'm on a _____ ______ that only goes up, my friend. roller coaster
84%
Some _________ are bigger than other _______. infinities
83%
I'm a _______ and at some point I'm going to blow up and I would like to minimize the casualties, okay? grenade
81%
It would be a _________ to have my heart broken by you. privilege
51%
The marks humans leave are too often _____. scars
49%
Lonely, Vaguely _______Swing Set Seeks the Butts of Children. Pedophilic
28%
That's what love is. Love is keeping the ________ anyway. promise
22%
Grief does not change you, Hazel. It ______ you. reveals
17%
The risen sun too bright in her _____ eyes. losing
11%
No matching quizzes found
Score Distribution
Percent of People with Each Score
Percentile by Number Answered
Your Score History
You have not taken this quiz